| 000 | 00908nam0a2200289 4500 | ||
|---|---|---|---|
| 001 | RU\NLR\bibl\1317922 | ||
| 005 | 20250615155940.0 | ||
| 010 |
_a978-5-699-29548-7 _94000 |
||
| 021 |
_aRU _b2008-74066 _928д |
||
| 035 | _a(NLR Aleph) 001303293 | ||
| 090 |
_a633034 _c633034 |
||
| 100 | _a20090120d2008 |||y0rusy50 ca | ||
| 101 | 0 | _arus | |
| 102 | _aRU | ||
| 105 | _ay ||||||||| | ||
| 200 | 1 |
_aМистическая Москва _fВ. Телицын |
|
| 210 |
_aМосква _cЯуза _cЭксмо _d2008 |
||
| 215 |
_a317, [2] с. _d21 |
||
| 606 | 1 |
_aБыт и нравы _xИстория _yМосква, город _92362900 _3RU\NLR\auth\661410875 |
|
| 686 | _aТ3(2)0-75 | ||
| 700 | 1 |
_aТелицын _bВ. Л. _f1966- _gВадим Леонидович _4070 |
|
| 801 | 0 |
_aRU _bNLR _c20090120 _gRCR |
|
| 801 | 1 |
_aRU _bNLR _c20090120 |
|
| 830 | _aпо эк | ||
| 942 | _cBOOK | ||
| 980 | _aNB | ||